000 00469nam a2200181Ia 4500
005 20250508153755.0
008 008 250505s9999 xx 000 0 eng d
037 _aBooks to be hide in OPAC
040 _aFEDL
_beng
_cFEDL
041 _aeng
_2eng
084 _qFEDL
245 0 _aMadras educational rules
250 _a6th
260 _aMadars, India
_bThe Suerintendent, Government Press
_c1924
300 _a60p.
942 _cHB
999 _c1345397
_d1345397